Indian Performing Arts/ (Record no. 189452)

MARC details
000 -LEADER
fixed length control field 00573nam a22001817a 4500
005 - DATE AND TIME OF LATEST TRANSACTION
control field 20220701114503.0
010 ## - LCCN (DPL NO)
LC control number ENG-133314
020 ## - INTERNATIONAL STANDARD BOOK NUMBER
International Standard Book Number 9788193356302
Terms of availability 880.00
035 ## - SYSTEM CONTROL NUMBER
System control number EN-116846
037 ## - SOURCE OF ACQUISITION
Source of stock number/acquisition DBAD/PUB
082 ## - DEWEY DECIMAL CLASSIFICATION NUMBER
Classification number 790.20954
100 ## - MAIN ENTRY--PERSONAL NAME
Personal name Srinivasan, Richa
245 ## - TITLE STATEMENT
Title Indian Performing Arts/
Statement of responsibility, etc Richa Srinivasan
260 ## - PUBLICATION, DISTRIBUTION, ETC. (IMPRINT)
Place of publication, distribution, etc Delhi
Name of publisher, distributor, etc Ishwar Books
Date of publication, distribution, etc 2018
270 ## - ADDRESS
City Delhi
Address B-29, Arya Nagar CGHS Ltd. Plot No. 91, Ip Extension Patparganj
Postal code 110092
Electronic mail address ishwarbooks@gmail.com
300 ## - PHYSICAL DESCRIPTION
Extent 232p.
Dimensions 22cm(hb)
942 ## - ADDED ENTRY ELEMENTS (KOHA)
Source of classification or shelving scheme Dewey Decimal Classification
Item type English Books
Classification part 790.20954
Call number suffix SRI
Holdings
Withdrawn status Lost status Not for loan Collection code Home library Current library Date acquired Source of acquisition Cost, normal purchase price Full call number Barcode Copy number Cost, replacement price Koha item type
      Non-fiction Ashok Vihar Ashok Vihar 01/07/2022 DBAD/PUB 880.00 790.20954 SRI EN-116846 1 880.00 English Books

© Delhi Public Library
Hit Counter
free hit counter